|
|
|
|
| LEADER |
00984nam a2200241 a 4500 |
| 001 |
2503083 |
| 008 |
920203s1992 nyu 000 0 eng d |
| 010 |
|
|
|a \\\92007031
|
| 020 |
|
|
|a 9780385264723
|
| 020 |
|
|
|a 0385264720 :
|c $8.50 ($10.50 Can.)
|
| 040 |
|
|
|a DLC
|c DLC
|d DLC
|d BD-DhAAL
|
| 082 |
0 |
0 |
|a 892/.736
|2 20
|
| 100 |
1 |
|
|a Maḥfūẓ, Najīb,
|d 1911-2006.
|
| 245 |
1 |
4 |
|a The time and the place and other stories /
|c Naguib Mahfouz ; selected and translated by Denys Johnson-Davies.
|
| 250 |
|
|
|a 1st Anchor Books ed.
|
| 260 |
|
|
|a New York :
|b Anchor Books,
|c 1992.
|
| 300 |
|
|
|a xi, 174 p. ;
|c 21 cm.
|
| 541 |
1 |
|
|e 00020282
|
| 600 |
1 |
0 |
|a Mahfuz, Najib,
|d 1911-2006
|v Translations into English.
|
| 651 |
|
0 |
|a Egypt
|x Social life and customs
|v Fiction.
|
| 852 |
4 |
|
|a Ayesha Abed Library
|j General Shelf
|
| 999 |
|
|
|c 8704
|d 8704
|
| 952 |
|
|
|0 0
|1 0
|2 ddc
|4 0
|6 892_736000000000000_MAH_1992
|7 0
|9 10474
|a BRACUL
|b BRACUL
|c GEN
|d 2010-05-24
|l 7
|m 26
|o 892.736 MAH
|p 3010020282
|r 2022-05-31
|s 2022-05-28
|t 1
|w 2010-05-24
|y BK
|